Vasconcelos.

Uloženo v:
Podrobná bibliografie
Hlavní autor: Fernández Mac Gregor, Génaro rel, (autor)
Médium: Kniha
Jazyk:španělština
Edice:(Pensamiento de América ; no. 10)
Témata:
Tagy: Přidat tag
Žádné tagy, Buďte první, kdo vytvoří štítek k tomuto záznamu!

MARC

LEADER 00000cam^a2200000uu^4500
001 000478490
005 20250521000000.0
008 050901s1942^^^^^^^^^^^^rd^r^^000^0^spa^d
009 20260526150341.361
035 |a FCE 000021486 
035 |a FCE 033564 
037 |a Acervo ITESO - Biblioteca 
041 |a spa 
082 0 4 |a 199.72  |b FERv 
100 |a Fernández Mac Gregor, Génaro,  |e rel  |e (autor) 
245 1 0 |a Vasconcelos. 
264 |a México :  |b Oasis,  |c 1942. 
300 |a 229 p. 
336 |a texto  |b txt  |2 rdacontenido 
337 |a sin mediación  |b n  |2 rdamedio 
338 |a volumen  |b nc  |2 rdasoporte 
440 0 |a (Pensamiento de América ;  |v no. 10) 
649 |a XX 
650 |a Vasconcelos, José 
650 |a Biografía 
650 |a Sociología 
650 |a Filosofía 
650 |a Antología 
650 |a Educadores 
650 |a Pedagogía 
650 |a América Latina 
910 |a Fondo Centro de Estudios Educativos 
920 |a Impresos - Libros 
930 |a Fondos Especiales 
905 |a 133 
901 |a ALE033564  |b IT2  |c CEE  |u 20250521 
902 |a https://opac.biblio.iteso.mx/vufind/Record/000478490